Šetrenie je jedinou cestou k prežitiu
Znalostná spoločnosť je prísľubom nádeje, konzumná spoločnosť sa stáva všeobecnou hrozbou. Nevyhnutnosť prehodnotenia globálnej stratégie ľudstva. Súčasná kríza je hlavne krízou hodnôt, mravnosti a etiky. Ekonomika nemôže riadne fungovať bez mravnosti. Slovensko na ceste k vedomostnej spoločnosti. V...
Uložené v:
| Hlavný autor: | |
|---|---|
| Médium: | Kapitola |
| Jazyk: | Slovak |
| Predmet: | |
| Tagy: |
Žiadne tagy, Buďte prvý, kto otaguje tento záznam!
|
MARC
| LEADER | 00000naa$a2200000$$$4500 | ||
|---|---|---|---|
| 001 | 0098539 | ||
| 005 | 20231016085950.9 | ||
| 041 | 0 | |a slo | |
| 044 | |a SK | ||
| 245 | 1 | 0 | |a Šetrenie je jedinou cestou k prežitiu |c Peter Staněk |
| 520 | |a Znalostná spoločnosť je prísľubom nádeje, konzumná spoločnosť sa stáva všeobecnou hrozbou. Nevyhnutnosť prehodnotenia globálnej stratégie ľudstva. Súčasná kríza je hlavne krízou hodnôt, mravnosti a etiky. Ekonomika nemôže riadne fungovať bez mravnosti. Slovensko na ceste k vedomostnej spoločnosti. Veda potrebuje podporu. | ||
| 610 | 2 | 0 | |a kríza |
| 610 | 2 | 0 | |a etika |
| 610 | 2 | 0 | |a vzdelávanie |
| 610 | 2 | 0 | |a veda |
| 610 | 2 | 0 | |a podpory |
| 610 | 2 | 0 | |a spoločnosť vedomostná |
| 610 | 2 | 0 | |a kvalita života |
| 100 | 1 | |a Staněk, Peter | |